000 00520nam a2200181Ia 4500
008 100920s9999 xx 000 0 und d
082 _b58871
_a700 थ 85
100 _aपानवलकर श्री.दा.
245 _aशूटिंग.
260 _bमौज प्रकाशन गृह,मुंबई.
_c1985
300 _a155
_bसाधी
365 _b65
520 _aकला.
630 _aशूटिंग.
650 _aकला.
730 _aशूटिंग.
942 _cBOOK
999 _c702380
_d702377